03220 a2200337 45000010006000000050017000060080041000230030015000640400040000790800068001192450045001870200022002322500011002542640032002653000026002975051770003239420007020935900036021001000025021367000023021617000033021847000033022177000025022507000033022758560099023089990013024079520111024209520111025319520111026429520129027532237520260407155514.0260407a1992 arg spa dAR-UNSa-BCEJYS aAR-UNSa-BCEJYSbspacAR-UNSa-BCEJYS a336.1xFinanzas Públicas. Finanzas del gobierno en general 10aHacienda públicapteórica y aplicada a978-84-7615-756-5 a5a. ed 1aMadrid :bMcGraw-Hillc1992 axviii, 779 p.c24 cm. a1. Las funciones fiscales: una panorámica - 2. El sector público en la contabilidad nacional - 3. Instituciones fiscales - 4. Provisión de bienes públicos - 5. Otra consideración de los bienes sociales - 6. Equidad en la distribución - 7. Elección pública y política fiscal - 8. Gastos públicos: estructura y crecimiento - 9. Evaluación del gasto: principios - 10. Estudios empíricos sobre política de gasto. Servicios públicos - 11. Estudios empíricos sobre política de gasto. Mantenimiento de renta y seguridad social - 12. Introducción a la imposición - 13. Enfoques de la equidad tributaria - 14. Incidencia de los impuestos y de los gastos. Una panorámica - 15. Principios de la incidencia impositiva - 16. El exceso de gravamen y el diseño impositivo - 17. Efectos de la imposición sobre la capacidad productiva: una perspectiva de oferta - 18. Desarrollo y composición de la estructura tributaria de los Estados Unidos - 19. El impuesto sobre la renta personal: definición de renta imponible - 20. Impuesto sobre la renta personal: otros problemas - 21. El impuesto sobre la renta de sociedades: estructura e integración - 22. El impuesto sobre la renta de sociedades: cuestiones adicionales - 23. Impuestos sobre el consumo - 24. Los impuestos sobre la propiedad y la riqueza - 25. Impuestos sucesivos - 26. El impuesto sobre las nóminas - 27. Principios de la hacienda multijurisdiccional - 28. Principios de la hacienda federal - 29. La estructura del federalismo fiscal en los Estados Unidos - 30. Principios de la política de estabilización - 31. otras cuestiones de política fiscal - 32. La economía de la deuda pública - 33. Coordinación fiscal internacional - 34. Hacienda del desarrollo  cBK aniveau_biblio:m niveau_hierar:01 aMusgrave, Richard A.1 aMusgarve, Peggy B.1 aCorona Ramon, Juan Francisco1 aCostas Terrones, Juan Carlos1 aDiaz Alvarez, Amelia1 aLozano Irueste, Jose María41uhttps://www.biblioeco.unsa.edu.ar/pmb/images/libros/L128173.jpgyImagen de portadaqimage/jpeg c992d992 00104070aBCEJYSbBCEJYSc16d2026-04-07l0o336.1 M987 5ed.pL86015r2026-04-07 15:55:14w2026-04-07yL 00104070aBCEJYSbBCEJYSc16d2026-04-07l0o336.1 M987 5ed.pL86016r2026-04-07 15:55:14w2026-04-07yL 00104070aBCEJYSbBCEJYSc16d2026-04-07l0o336.1 M987 5ed.pL86017r2026-04-07 15:55:14w2026-04-07yL 00104070aBCEJYSbBCEJYSc16d2026-04-07l0o336.1 M987 5ed.pL128173r2026-04-07 15:55:14w2026-04-07yLzTAPA DOBLADA -